| 000 | 00631nam a2200193Ia 4500 | ||
|---|---|---|---|
| 003 | GCL | ||
| 008 | 140319s9999 xx 000 0 ara d | ||
| 040 |
_aGCL / _cGCL |
||
| 082 | 0 | 4 |
_a956.081 _bا ت |
| 100 | 1 | _aاحمد صدقى الدجانى | |
| 245 | 1 | 0 |
_aتاريخ الادارة العثمانية فى شرق الاردن / _cاحمد صدقى الدجانى |
| 700 | 1 | _aاحمد صديق | |
| 300 | _a342 ص | ||
| 490 |
_aكتاب _v0 |
||
| 650 | 0 | 4 | _aسوريا - تاريخ |
| 650 | 0 | 4 | _aالاردن - تاريخ |
| 650 | 0 | 4 | _aالعالم العربى - تاريخ - العصر العثمانى |
| 942 |
_2ddc _cBK |
||
| 999 |
_c43293 _d43293 |
||